000 00694nam a2200217Ia 4500
001 10279
003 GE_BSU
008 181216s||||||||xx |||||||||||||| ||und||
040 _cGE_BSU
080 _a821.353.1+821.353.1-1
100 _aტაბიძე,გალაქტიონ
245 _aრჩეული:1908-1958
245 _bლექსები
245 _cრედ.ვ.ჯავახაძე.მხატვ.ლ.გრიგოლია
260 _aთბილისი
260 _bსაბჭოთა საქართველო
260 _c1959
300 _a628გვ.1ფ.პორტრ.22სმ.
653 _aლექსები
942 _cBK
999 _c43548
_d43548